Szczegóły MARC21

Ekonometryczna analiza kształtowania się konsumpcji w Polsce /

005 -DATA I CZAS OSTATNIEJ MODYFIKACJI [,]
    • @
    • pole kontrolne
    • 20070315155141.9
020 -Międzynarod. znormalizowany nr książki - ISBN [ , ]
    • a
    • Numer ISBN
    • 8385678832 Find
040 -Instytucja sporządzająca opis [ , ]
    • a
    • Instytucja, która sporządziła opis (NP)
    • SZCZ U
    • c
    • Instytucja, która sporządziła rekord (NP)
    • SZCZ U
041 -Język dokumentu [0, ]
    • a
    • Język tekstu (P)
    • polski
    • h
    • Język tekstu oryginalnego i/lub pośredniego (P)
    • polski
942 -Rodzaj dokumentu [ , ]
    • c
    • Rodzaj dokumentu
    • Książka
245 -Strefa tytułu i oznaczenia odpowiedzialności [0, ]
    • a
    • Tytuł
    • Ekonometryczna analiza kształtowania się konsumpcji w Polsce / Find
    • c
    • Pozostałe elementy strefy tytułu i oznaczenia odpowiedzialności (NP)
    • Krystyna Hanusik, Urszula Łangowska.
260 -Strefa adresu wydawniczego [ , ]
    • a
    • Miejsce wydania (P)
    • Opole :
    • b
    • Nazwa wydawcy (P)
    • Wydaw.UO,
    • c
    • Data wydania (P)
    • 1997.
300 -Strefa opisu fizycznego [ , ]
    • a
    • Określenie formy książki i/lub objętość (NP)
    • 160 :
    • c
    • Format (NP)
    • 24 cm.
490 -Strefa serii i książki wielotomowej - forma nie do wyszukiwania [0, ]
    • z
    • Numer rekordu powiązanego
    • 119252
    • a
    • Tytuł (P)
    • (STUDIA i Monografie / Wyższa Szkoła Pedagogiczna w Opolu ; Find
    • y
    • Zob. egzemplarze
    • 208
    • x
    • ISSN (NP)
    • 0239-6718)
    • v
    • Numeracja (P)
    • Nr 243,
490 -Strefa serii i książki wielotomowej - forma nie do wyszukiwania [0, ]
    • z
    • Numer rekordu powiązanego
    • 119252
    • a
    • Tytuł (P)
    • (STUDIA i Monografie / Uniwersytet Opolski ; Find
    • x
    • ISSN (NP)
    • 1233-6408)
    • y
    • Zob. egzemplarze
    • 208
    • v
    • Numeracja (P)
    • Nr 243,
500 -Uwaga ogólna [ , ]
    • a
    • Uwaga ogólna (NP)
    • Bibliogr
080 -Uniwersalna Klasyfikacja Dziesiętna [ , ]
    • a
    • Symbol klasyfikacji
    • 330.43(438)
080 -Uniwersalna Klasyfikacja Dziesiętna [ , ]
    • a
    • Symbol klasyfikacji
    • :330.567.2(438)
980 -Symbol UKD [ , ]
    • a
    • UKD
    • 330.43:330.567.2](438)
700 -Hasło dodatkowe - nazwa osobowa [ , ]
    • a
    • Nazwa osobowa (NP)
    • HANUSIK, KRYSTYNA Find
700 -Hasło dodatkowe - nazwa osobowa [ , ]
    • a
    • Nazwa osobowa (NP)
    • ŁANGOWSKA, URSZULA Find
920 -ISBN [ , ]
    • a
    • ISBN
    • 83-85678-83-2 Find
Numer tomu Status udost. Powiązanie z serią Numer inwentarzowy Sygnatura Data inwentaryzacji Lokalizacja
Nr 243-3208S.85188S.786912003-07-25BE
Nr 243-3209S.92127S.786912005-11-09BE